[Event "zonal 1.6"]
[Site "Samara RUS"]
[Date "2000.06.20"]
[Round "4.7"]
[White "Maliutin, Evgeny"]
[Black "Bezgodov, Alexei"]
[Result "1-0"]
[WhiteElo "2451"]
[BlackElo "2576"]
[EventDate "2000.06.03"]
[PlyCount "45"]

1.e4 e5 2.Nc3 Nf6 3.f4 d5 4.fxe5 Nxe4 5.Qf3 Nc6 6.Bb5 f5 7.Nge2 g6 8.Nd4 
Qh4+ 9.g3 Nxg3 10.hxg3 Qxd4 11.Qxd5 Qxd5 12.Nxd5 Kd8 13.d4 Be6 14.Bg5+ Kc8
15.Nf4 Bf7 16.Bf6 Rg8 17.Rxh7 g5 18.Rxf7 gxf4 19.gxf4 Bh6 20.c3 a6 21.Bd3 
Rg1+ 22.Bf1 b5 23.Kf2 1-0

[Event "zonal 1.6"]
[Site "Samara RUS"]
[Date "2000.06.20"]
[Round "4.9"]
[White "Fominykh, Alexander"]
[Black "Aseev, Konstantin"]
[Result "1/2-1/2"]
[WhiteElo "2551"]
[BlackElo "2517"]
[EventDate "2000.06.03"]
[PlyCount "82"]

1.d4 Nf6 2.Nf3 e6 3.c4 b6 4.g3 Ba6 5.Qb3 Nc6 6.Bd2 Bb7 7.d5 Ne7 8.dxe6 
dxe6 9.Bg2 Nf5 10.O-O Be7 11.Rd1 O-O 12.Bf4 Qc8 13.Nc3 Ne4 14.Nxe4 Bxe4 
15.Nd4 Nxd4 16.Rxd4 Bxg2 17.Kxg2 Bf6 18.Rd2 Qb7+ 19.Kg1 Rad8 20.Rad1 Rxd2 
21.Rxd2 Rd8 22.Rxd8+ Bxd8 23.Qd3 Qc8 24.b4 a6 25.Qe4 g5 26.Be3 c6 27.Qd4 
b5 28.Qc5 h6 29.h4 gxh4 30.Bxh6 Bf6 31.gxh4 Qd7 32.cxb5 axb5 33.Bg5 Bg7 
34.Qc2 Qd4 35.Qxc6 Qd1+ 36.Kg2 Qxe2 37.Qa8+ Bf8 38.Be7 Kh7 39.Qxf8 Qg4+ 
40.Kh2 Qf4+ 41.Kh1 Qf3+ 1/2-1/2

[Event "zonal 1.6"]
[Site "Samara RUS"]
[Date "2000.06.20"]
[Round "4.11"]
[White "Smirnov, Pavel"]
[Black "Ikonnikov, Viacheslav"]
[Result "0-1"]
[WhiteElo "2426"]
[BlackElo "2550"]
[EventDate "2000.06.03"]
[PlyCount "90"]

1.e4 c5 2.Nf3 Nc6 3.c3 Nf6 4.e5 Nd5 5.d4 cxd4 6.Bc4 Nb6 7.Bb3 d5 8.exd6 
Qxd6 9.Na3 a6 10.O-O e6 11.Qe2 Be7 12.Rd1 O-O 13.Nxd4 Qc7 14.Qe4 Nxd4 15.
Rxd4 e5 16.Rd3 Bxa3 17.bxa3 Be6 18.Bg5 Bxb3 19.axb3 f6 20.Be3 f5 21.Qb4 
Nd7 22.Rad1 Rf7 23.f3 h6 24.Rd6 Re8 25.Qh4 f4 26.Bf2 Nf6 27.c4 Qa5 28.a4 
Qc3 29.R6d3 Qc2 30.Bb6 e4 31.fxe4 Rxe4 32.Qh3 Rfe7 33.Bf2 Re2 34.Qf3 Ne4 
35.Bh4 Re6 36.Qg4 Nf6 37.Qg6 Re8 38.h3 f3 39.gxf3 Nd7 40.Bf2 Nf8 41.Qg3 
R8e6 42.Kf1 Rg6 43.Qh4 Ne6 44.Rd6 Nf4 45.R1d4 Re1+ 0-1

[Event "zonal 1.6"]
[Site "Samara RUS"]
[Date "2000.06.20"]
[Round "4.12"]
[White "Ivanov, Sergei"]
[Black "Varavin, Viktor"]
[Result "1/2-1/2"]
[WhiteElo "2543"]
[BlackElo "2410"]
[EventDate "2000.06.03"]
[PlyCount "95"]

1.d4 Nf6 2.c4 d6 3.Nf3 Nc6 4.Nc3 e5 5.d5 Ne7 6.e4 g6 7.c5 Bg7 8.cxd6 cxd6 
9.Qa4+ Bd7 10.Qb4 Qb8 11.Bb5 O-O 12.Bg5 Bxb5 13.Nxb5 Nc8 14.O-O a6 15.Nc3 
h6 16.Be3 Nh5 17.Nd2 f5 18.exf5 Rxf5 19.Nce4 Nf4 20.g3 Nxd5 21.Qb3 Ne7 22.
Nc3 e4 23.g4 Bxc3 24.gxf5 Bxd2 25.f6 Qc8 26.Bxd2 e3 27.f3 exd2 28.fxe7 
Qc5+ 29.Kh1 Qd4 30.Rfd1 Rc8 31.Rxd2 Qxd2 32.Rd1 Qa5 33.Qxd5+ Qxd5 34.Rxd5 
Kf7 35.Rxd6 Re8 36.Kg2 Rxe7 37.Rb6 g5 38.Kg3 Kg7 39.b4 Rf7 40.a4 Kh7 41.a5
Kg7 42.h4 gxh4+ 43.Kxh4 Rxf3 44.Rxb7+ Kf6 45.Kg4 Rf1 46.Kg3 Ke5 47.Rb6 Rb1
48.Rxa6 1/2-1/2

[Event "zonal 1.6"]
[Site "Samara RUS"]
[Date "2000.06.20"]
[Round "4.13"]
[White "Zakharevich, Igor"]
[Black "Ibragimov, Ildar"]
[Result "1/2-1/2"]
[WhiteElo "2486"]
[BlackElo "2611"]
[EventDate "2000.06.03"]
[PlyCount "57"]

1.d4 Nf6 2.c4 e6 3.Nf3 b6 4.Nc3 Bb7 5.a3 d5 6.Qc2 Be7 7.cxd5 exd5 8.g3 O-O
9.Bg2 Nbd7 10.O-O a6 11.Bf4 c5 12.Rfd1 Re8 13.Rac1 h6 14.dxc5 Bxc5 15.b4 
Bf8 16.Qb3 Rc8 17.Nd4 Ne5 18.Nf5 Ng6 19.Nxd5 Nxd5 20.Bxd5 Bxd5 21.Rxd5 
Rxc1+ 22.Bxc1 Qc8 23.Be3 Ne5 24.Qb1 Nc4 25.Qd3 Ne5 26.Qe4 Nc4 27.Qf3 Ne5 
28.Qf4 Qe6 29.Qe4 1/2-1/2

[Event "zonal 1.6"]
[Site "Samara RUS"]
[Date "2000.06.20"]
[Round "4.14"]
[White "Kharlov, Andrei"]
[Black "Kosyrev, Vladimir"]
[Result "1/2-1/2"]
[WhiteElo "2616"]
[BlackElo "2474"]
[EventDate "2000.06.03"]
[PlyCount "117"]

1.c4 e6 2.g3 d5 3.Bg2 Nf6 4.Nf3 Be7 5.O-O O-O 6.b3 b6 7.Bb2 Bb7 8.e3 c5 9.
Qe2 Nc6 10.Nc3 dxc4 11.bxc4 Rc8 12.Rad1 Na5 13.Ne1 Bxg2 14.Kxg2 Rc7 15.d3 
Qa8+ 16.Kg1 Rd8 17.f4 a6 18.g4 Qb7 19.a4 Ne8 20.Rf3 Rcd7 21.Rh3 b5 22.axb5
axb5 23.cxb5 c4 24.d4 Nd6 25.g5 g6 26.Nf3 Nxb5 27.Ne5 Rc7 28.Qf2 Nxc3 29.
Bxc3 Rd5 30.e4 Rb5 31.Qe1 Qb6 32.Kh1 Rb7 33.d5 Rb1 34.dxe6 fxe6 35.Kg2 Qb3
36.Rxb1 Qc2+ 37.Qd2 Qxe4+ 38.Rf3 Qxb1 39.Qd4 Nb3 40.Qxc4 Nc5 41.Nd3 Qc2+ 
42.Nf2 Rd7 43.Re3 Rd2 44.Qf1 Rd5 45.Qb5 Kf7 46.Qc6 Rd3 47.Qf3 Rxe3 48.Qxe3
Ne4 49.Qxe4 Qxc3 50.Ng4 Bd6 51.Qb7+ Bc7 52.Ne5+ Kg7 53.Nf3 Qc4 54.Nd4 Qxd4
55.Qxc7+ Kg8 56.Qe5 Qxe5 57.fxe5 Kf7 58.Kf3 Ke7 59.Ke4 1/2-1/2

[Event "zonal 1.6"]
[Site "Samara RUS"]
[Date "2000.06.20"]
[Round "4.15"]
[White "Meister, Yakov"]
[Black "Scherbakov, Ruslan"]
[Result "1-0"]
[WhiteElo "2473"]
[BlackElo "2552"]
[EventDate "2000.06.03"]
[PlyCount "87"]

1.Nf3 c5 2.c4 Nc6 3.g3 g6 4.Bg2 Bg7 5.O-O e5 6.Nc3 Nge7 7.a3 a5 8.Rb1 O-O 
9.Ne1 d6 10.Nc2 Be6 11.Ne3 Rb8 12.Ned5 Bg4 13.h3 Bf5 14.d3 Nxd5 15.cxd5 
Ne7 16.b4 cxb4 17.axb4 Qc8 18.Bg5 f6 19.Bd2 Bxh3 20.bxa5 Bxg2 21.Kxg2 h5 
22.Qa4 Nf5 23.Rfc1 h4 24.Ne4 Qd8 25.Rb6 Rf7 26.Qb4 Rc8 27.Rxc8 Qxc8 28.
Nxd6 Nxd6 29.Qxd6 hxg3 30.Qe6 Qxe6 31.dxe6 Rc7 32.Kxg3 Bf8 33.Be3 Be7 34.
f4 Kf8 35.Kf3 exf4 36.Bxf4 Rc5 37.Bd2 Rc7 38.d4 g5 39.d5 Rc2 40.Bb4 g4+ 
41.Kg3 f5 42.d6 Bf6 43.Rxb7 Be5+ 44.Kh4 1-0

[Event "zonal 1.6"]
[Site "Samara RUS"]
[Date "2000.06.20"]
[Round "4.16"]
[White "Khliyan, Eduard"]
[Black "Voitsekhovsky, Stanislav"]
[Result "1/2-1/2"]
[WhiteElo "2454"]
[BlackElo "2546"]
[EventDate "2000.06.03"]
[PlyCount "45"]

1.d4 Nf6 2.Nf3 e6 3.g3 b6 4.Bg2 Bb7 5.c4 Be7 6.Nc3 Ne4 7.Bd2 f5 8.d5 Bf6 
9.Qc2 Nxd2 10.Nxd2 O-O 11.O-O Na6 12.Rad1 Qc8 13.e4 c6 14.Rfe1 cxd5 15.e5 
Be7 16.cxd5 Bb4 17.Qb3 Bxc3 18.dxe6 dxe6 19.Bxb7 Qxb7 20.Qxe6+ Kh8 21.bxc3
Nc5 22.Qc4 Rac8 23.Qe2 1/2-1/2

[Event "zonal 1.6"]
[Site "Samara RUS"]
[Date "2000.06.20"]
[Round "4.17"]
[White "Kornev, Alexei"]
[Black "Sveshnikov, Evgeny"]
[Result "0-1"]
[WhiteElo "2384"]
[BlackElo "2541"]
[EventDate "2000.06.03"]
[PlyCount "72"]

1.d4 d5 2.Bg5 f6 3.Bf4 c5 4.e3 Nc6 5.Nf3 g5 6.Bg3 h5 7.h3 Nh6 8.c3 Qb6 9.
Qc1 Nf5 10.Bd3 c4 11.Bc2 Nxg3 12.fxg3 Qc7 13.Kf2 e6 14.Nbd2 Bd6 15.Nf1 h4 
16.g4 Bd7 17.Bg6+ Ke7 18.Bc2 Rag8 19.e4 Bf4 20.Qb1 Kf7 21.Ne3 Ne7 22.Rf1 
Bc6 23.Ke2 Kg7 24.exd5 exd5 25.Nf5+ Nxf5 26.Bxf5 Re8+ 27.Kd1 Re3 28.Re1 
Rhe8 29.Rxe3 Bxe3 30.Bg6 Re7 31.a4 Qg3 32.Qc2 Bf2 33.Bh7 Be8 34.Qf5 Qxg2 
35.Qxd5 Qf1+ 36.Kc2 Qe2+ 0-1

[Event "zonal 1.6"]
[Site "Samara RUS"]
[Date "2000.06.20"]
[Round "4.18"]
[White "Tolstikh, Nikolai"]
[Black "Totsky, Leonid"]
[Result "1/2-1/2"]
[WhiteElo "2419"]
[BlackElo "2524"]
[EventDate "2000.06.03"]
[PlyCount "54"]

1.Nf3 e6 2.c4 c5 3.g3 Nf6 4.Bg2 Nc6 5.O-O d5 6.cxd5 exd5 7.d4 Be7 8.Nc3 
O-O 9.Bg5 c4 10.Ne5 Be6 11.Nxc6 bxc6 12.b3 h6 13.Bxf6 Bxf6 14.Na4 cxb3 15.
axb3 Be7 16.Qc2 Bd7 17.Rfc1 Qb8 18.Nc5 Bxc5 19.Qxc5 Qb6 20.Ra3 Rfb8 21.e4 
Qxc5 22.Rxc5 dxe4 23.Bxe4 Rb4 24.Bxc6 Bxc6 25.Rxc6 Rxd4 26.Rc7 Rb4 27.Kf1 
a5 1/2-1/2

[Event "zonal 1.6"]
[Site "Samara RUS"]
[Date "2000.06.20"]
[Round "4.19"]
[White "Lugovoi, Alexei"]
[Black "Frolov, Denis"]
[Result "0-1"]
[WhiteElo "2515"]
[BlackElo "2428"]
[EventDate "2000.06.03"]
[PlyCount "130"]

1.d4 d5 2.c4 c6 3.Nf3 Nf6 4.Nc3 dxc4 5.a4 Bf5 6.e3 e6 7.Bxc4 Bb4 8.O-O 
Nbd7 9.Qe2 O-O 10.e4 Bg6 11.Bd3 h6 12.Rd1 Re8 13.e5 Bxd3 14.Rxd3 Nd5 15.
Ne1 Nf8 16.Nc2 Be7 17.Ne4 Ng6 18.g3 c5 19.dxc5 Nxe5 20.Rd1 Nd7 21.b4 f5 
22.Nc3 Bf6 23.Nxd5 exd5 24.Qb5 Bxa1 25.Nxa1 Nf6 26.Nc2 Qd7 27.Qxd7 Nxd7 
28.Ne3 a5 29.Nxd5 axb4 30.Nc7 Nxc5 31.Nxa8 Rxa8 32.Be3 Nxa4 33.Rb1 b5 34.
Rxb4 Rb8 35.h4 Nc3 36.Bd2 Ne4 37.Bf4 Rb7 38.f3 Nf6 39.Bd2 Kf7 40.Kf2 Nd5 
41.Rb3 Ke6 42.Ke2 Kd6 43.g4 fxg4 44.fxg4 Kc5 45.Kd1 Rf7 46.Rg3 Rf1+ 47.Kc2
Rf2 48.Kc1 Kc4 49.h5 Rf1+ 50.Kc2 Nb4+ 51.Kb2 Nd3+ 52.Kc2 Nb4+ 53.Kb2 Rf2 
54.Kc1 Nd3+ 55.Kd1 b4 56.g5 b3 57.Rg4+ Kd5 58.Rg1 Rh2 59.gxh6 gxh6 60.Rf1 
Kc4 61.Rg1 b2 62.Kc2 Nb4+ 63.Kb1 Rxd2 64.Rg4+ Rd4 65.Rg6 Kc3 0-1

[Event "zonal 1.6"]
[Site "Samara RUS"]
[Date "2000.06.20"]
[Round "4.21"]
[White "Tregubov, Pavel"]
[Black "Shaposhnikov, Evgeny"]
[Result "1-0"]
[WhiteElo "2615"]
[BlackElo "2503"]
[EventDate "2000.06.03"]
[PlyCount "37"]

1.d4 Nf6 2.c4 e6 3.Nf3 b6 4.g3 Ba6 5.Nbd2 c5 6.e4 cxd4 7.e5 Ng4 8.h3 Nh6 
9.Bg2 Nc6 10.O-O Nf5 11.a3 Be7 12.b4 Bb7 13.Ne4 d5 14.cxd5 Qxd5 15.Re1 d3 
16.Bb2 O-O-O 17.g4 Nh6 18.Nfd2 Qb5 19.Nc3 1-0

[Event "zonal 1.6"]
[Site "Samara RUS"]
[Date "2000.06.20"]
[Round "4.22"]
[White "Sapunov, Evgeny"]
[Black "Yakovich, Yury"]
[Result "1/2-1/2"]
[WhiteElo "2498"]
[BlackElo "2580"]
[EventDate "2000.06.03"]
[PlyCount "43"]

1.d4 Nf6 2.c4 e6 3.Nc3 Bb4 4.Qc2 O-O 5.a3 Bxc3+ 6.Qxc3 b6 7.Bg5 Bb7 8.f3 
h6 9.Bh4 d5 10.e3 Nbd7 11.cxd5 Nxd5 12.Bxd8 Nxc3 13.Bh4 Nd5 14.Bf2 Ne7 15.
Bb5 c6 16.Ba4 Rfd8 17.O-O-O c5 18.Ne2 Ba6 19.Nc3 cxd4 20.Rxd4 Nc5 21.Rxd8+
Rxd8 22.Bc2 1/2-1/2

[Event "zonal 1.6"]
[Site "Samara RUS"]
[Date "2000.06.20"]
[Round "4.23"]
[White "Kobalia, Mikhail"]
[Black "Belitsky, Alexander"]
[Result "1-0"]
[WhiteElo "2593"]
[BlackElo "2306"]
[EventDate "2000.06.03"]
[PlyCount "131"]

1.e4 e5 2.Nf3 Nc6 3.Bc4 Be7 4.O-O Nf6 5.d3 O-O 6.Bb3 d6 7.c3 Bg4 8.h3 Bh5 
9.Re1 Nd7 10.Nbd2 Nc5 11.Bc2 Ne6 12.Nf1 Ng5 13.Bxg5 Bxg5 14.Ng3 Bxf3 15.
Qxf3 g6 16.Ba4 Qf6 17.Qe2 Nd8 18.Nf1 Ne6 19.g3 h5 20.h4 Bh6 21.Nh2 c5 22.
Bb3 b5 23.a3 a5 24.a4 b4 25.Bc4 Rab8 26.Nf3 Rb6 27.Kg2 Rfb8 28.Ra2 Kg7 29.
Rd1 Rc8 30.Bb5 Nc7 31.cxb4 axb4 32.Bc4 Ra8 33.b3 Ra5 34.Rf1 Ne6 35.Qd1 Rb8
36.Ne1 Qe7 37.Nc2 Rf8 38.Ne3 Nd4 39.Nd5 Qd7 40.f4 exf4 41.Nxf4 Bxf4 42.
Rxf4 f5 43.Raf2 Qe7 44.Rf1 Ra7 45.Re1 Qd8 46.Bd5 Re7 47.exf5 Rxf5 48.Rxf5 
Nxf5 49.Qc1 Re8 50.Re4 Re5 51.Qf4 Qe7 52.Rxe5 dxe5 53.Qe4 Nd6 54.Qe2 Nf5 
55.Qe4 Qd6 56.Bc4 Qc7 57.Kf2 Kf6 58.Qa8 Qd6 59.Qd5 e4 60.Qxd6+ Nxd6 61.a5 
exd3 62.Bxd3 g5 63.a6 Nc8 64.Ke3 gxh4 65.gxh4 Ke5 66.Be2 1-0

[Event "zonal 1.6"]
[Site "Samara RUS"]
[Date "2000.06.20"]
[Round "4.24"]
[White "Volzhin, Alexander"]
[Black "Tunik, Gennady"]
[Result "1-0"]
[WhiteElo "2548"]
[BlackElo "2442"]
[EventDate "2000.06.03"]
[PlyCount "39"]

1.e4 c5 2.Nf3 e6 3.d4 cxd4 4.Nxd4 Nc6 5.Nc3 Qc7 6.g3 a6 7.Bg2 Nf6 8.O-O 
Bc5 9.Nxc6 dxc6 10.Na4 Be7 11.e5 Nd7 12.Re1 O-O 13.Bf4 Rd8 14.Nc3 Nf8 15.
Qh5 Ng6 16.Ne4 Nxf4 17.gxf4 Rf8 18.Rad1 Bd7 19.Nf6+ gxf6 20.Re3 1-0

[Event "zonal 1.6"]
[Site "Samara RUS"]
[Date "2000.06.20"]
[Round "4.25"]
[White "Bocharov, Dmitry"]
[Black "Galliamova-Ivanchuk, Alisa"]
[Result "0-1"]
[WhiteElo "2475"]
[BlackElo "2515"]
[EventDate "2000.06.03"]
[PlyCount "70"]

1.d4 d5 2.c4 c6 3.Nf3 Nf6 4.Nc3 e6 5.e3 Nbd7 6.Bd3 dxc4 7.Bxc4 b5 8.Be2 
Bb7 9.O-O Be7 10.a3 a5 11.Bd2 O-O 12.Qb3 Rb8 13.Rfc1 h6 14.Be1 Bd6 15.Nd2 
e5 16.Nce4 Be7 17.Bf3 Qc7 18.Nxf6+ Nxf6 19.dxe5 Qxe5 20.g3 a4 21.Qc2 Bd6 
22.b3 axb3 23.Nxb3 c5 24.Bxb7 Rxb7 25.Bc3 Qe7 26.Nxc5 Rc7 27.Na6 Rc4 28.
Qb2 Rfc8 29.Nb4 Ne4 30.Bd4 Ng5 31.Rxc4 bxc4 32.Bxg7 Qe4 33.Bxh6 Be5 34.Qb1
Bxa1 35.Qxa1 Nh3+ 0-1

[Event "zonal 1.6"]
[Site "Samara RUS"]
[Date "2000.06.20"]
[Round "4.27"]
[White "Makarov, Marat"]
[Black "Sergienko, Sergei"]
[Result "1-0"]
[WhiteElo "2513"]
[BlackElo "2425"]
[EventDate "2000.06.03"]
[PlyCount "93"]

1.Nf3 Nf6 2.g3 b5 3.Bg2 Bb7 4.O-O e6 5.d3 Be7 6.c4 bxc4 7.dxc4 O-O 8.Nc3 
Na6 9.Bf4 Nc5 10.Qc2 Nh5 11.b4 Nxf4 12.gxf4 Na6 13.a3 f5 14.Rad1 Qe8 15.c5
Rd8 16.Qa4 Rf6 17.Qb5 Bxf3 18.Bxf3 Nb8 19.Qb7 c6 20.Qxa7 Rh6 21.Rd3 Bf6 
22.Rfd1 e5 23.fxe5 Qxe5 24.h3 Rxh3 25.Bd5+ cxd5 26.Rxh3 d4 27.Nb5 Qxe2 28.
Rdd3 Bh4 29.Rdf3 d3 30.Qa4 d2 31.Qb3+ Kh8 32.Nc3 Qe1+ 33.Kg2 Qe7 34.Qc4 
Bf6 35.Nd1 Nc6 36.Rxf5 Nd4 37.Rf4 Qe5 38.Rxd4 Qxd4 39.Qxd4 Bxd4 40.Rd3 Bf6
41.Rxd2 Kg8 42.Ne3 Kf7 43.Nd5 Be5 44.f4 Bb8 45.Re2 Re8 46.Rxe8 Kxe8 47.b5 
1-0

[Event "zonal 1.6"]
[Site "Samara RUS"]
[Date "2000.06.20"]
[Round "4.29"]
[White "Ionov, Sergei"]
[Black "Yashtylov, Anatoly"]
[Result "0-1"]
[WhiteElo "2558"]
[BlackElo "2319"]
[EventDate "2000.06.03"]
[PlyCount "52"]

1.e4 c5 2.Nf3 e6 3.d4 cxd4 4.Nxd4 Nf6 5.Nc3 d6 6.f4 Be7 7.Be3 O-O 8.Qf3 e5
9.Nf5 Bxf5 10.exf5 Nbd7 11.O-O-O Qa5 12.g4 Rac8 13.Bd2 e4 14.Qh3 d5 15.g5 
d4 16.gxf6 Nxf6 17.Nxe4 Qxa2 18.Nxf6+ Bxf6 19.Qa3 Rxc2+ 20.Kxc2 Rc8+ 21.
Bc4 d3+ 22.Kxd3 Qxc4+ 23.Ke3 Re8+ 24.Kf3 Qe2+ 25.Kg3 h5 26.Rhe1 Bh4+ 0-1

[Event "zonal 1.6"]
[Site "Samara RUS"]
[Date "2000.06.20"]
[Round "4.30"]
[White "Yevseev, Denis"]
[Black "Utnasunov, Alexander"]
[Result "1-0"]
[WhiteElo "2496"]
[BlackElo "2175"]
[EventDate "2000.06.03"]
[PlyCount "165"]

1.d4 d5 2.c4 c6 3.Nf3 Nf6 4.Nc3 e6 5.e3 Nbd7 6.b3 Bd6 7.Bb2 O-O 8.Bd3 e5 
9.cxd5 cxd5 10.dxe5 Nxe5 11.Be2 Nxf3+ 12.Bxf3 Be5 13.O-O Be6 14.Na4 Bxb2 
15.Nxb2 Rc8 16.Qd4 Qa5 17.Nd3 Rc2 18.Nb4 Rc7 19.Rac1 Rfc8 20.Rxc7 Rxc7 21.
e4 Rd7 22.Rc1 h6 23.exd5 Nxd5 24.Rc8+ Kh7 25.Qe4+ f5 26.Qxe6 Re7 27.Qg8+ 
Kg6 28.Bh5+ Kxh5 29.g4+ Kh4 30.Qxd5 Qxb4 31.Rc4 Qe1+ 32.Kg2 fxg4 33.h3 h5 
34.hxg4 hxg4 35.Qf5 Qe2 36.Qh7+ Kg5 37.Rc5+ Re5 38.Qxg7+ Kf5 39.Qf7+ Kg5 
40.Rxe5+ Qxe5 41.Qxb7 a5 42.a4 Qc3 43.Qd5+ Kf6 44.Kf1 Kg6 45.Ke2 Qc2+ 46.
Ke3 Qc1+ 47.Qd2 Qc5+ 48.Qd4 Qc1+ 49.Ke4 Qc2+ 50.Ke5 Kh5 51.Kf4 Qxb3 52.
Qe5+ Kg6 53.Qf5+ Kg7 54.Qxg4+ Kf6 55.Qg5+ Kf7 56.Qxa5 Qc4+ 57.Kg3 Qd3+ 58.
f3 Qg6+ 59.Kf4 Qd6+ 60.Qe5 Qb4+ 61.Qe4 Qd2+ 62.Kg3 Qg5+ 63.Qg4 Qa5 64.Qc4+
Kf6 65.Qc6+ Kf7 66.Kg4 Qb4+ 67.Qe4 Qc3 68.Qd5+ Kf6 69.a5 Qb4+ 70.f4 Qa4 
71.Qd6+ Kg7 72.a6 Qc2 73.Qe5+ Kg8 74.Qd5+ Kh8 75.Qd4+ Kh7 76.a7 Qg2+ 77.
Kf5 Qg6+ 78.Ke5 Qg7+ 79.Kd5 Qd7+ 80.Ke4 Qe6+ 81.Kd3 Qb3+ 82.Kd2 Qa2+ 83.
Kc3 1-0

[Event "zonal 1.6"]
[Site "Samara RUS"]
[Date "2000.06.20"]
[Round "4.31"]
[White "Sultanov, Alexander"]
[Black "Grechikhin, Valery"]
[Result "1-0"]
[WhiteElo "2294"]
[BlackElo "2521"]
[EventDate "2000.06.03"]
[PlyCount "50"]

1.d4 Nf6 2.Nf3 c5 3.d5 b5 4.a4 b4 5.Bg5 Ne4 6.Bh4 g6 7.Nbd2 Nxd2 8.Qxd2 d6
9.e4 Bg7 10.Bb5+ Nd7 11.c3 a6 12.Be2 O-O 13.O-O a5 14.Qc2 Nb6 15.Nd2 bxc3 
16.bxc3 Qc7 17.Rfb1 Bd7 18.Bb5 Rfb8 19.Bxd7 Qxd7 20.Rb5 Bh6 21.Rab1 Qc7 
22.Nf1 e6 23.dxe6 fxe6 24.Bg3 Nd7 25.Qd3 d5 1-0

[Event "zonal 1.6"]
[Site "Samara RUS"]
[Date "2000.06.21"]
[Round "5"]
[White "Volkov, Sergei"]
[Black "Zviagintsev, Vadim"]
[Result "1/2-1/2"]
[WhiteElo "2582"]
[BlackElo "2641"]
[EventDate "2000.06.03"]
[PlyCount "45"]

1.d4 d5 2.c4 e6 3.Nc3 Be7 4.Nf3 Nf6 5.Bg5 h6 6.Bxf6 Bxf6 7.e3 O-O 8.Qb3 c6
9.Be2 Nd7 10.O-O dxc4 11.Bxc4 c5 12.Rfd1 cxd4 13.Nxd4 Qe7 14.a4 Nc5 15.Qa3
a5 16.Be2 Bd7 17.Bf3 Rfc8 18.h3 Rab8 19.Rd2 Be8 20.Ncb5 g6 21.Rc1 b6 22.
Rcd1 Bg7 23.Nb3 1/2-1/2

[Event "zonal 1.6"]
[Site "Samara RUS"]
[Date "2000.06.21"]
[Round "5"]
[White "Dolmatov, Sergei"]
[Black "Balashov, Yury"]
[Result "1/2-1/2"]
[WhiteElo "2615"]
[BlackElo "2534"]
[EventDate "2000.06.03"]
[PlyCount "25"]

1.e4 e5 2.Nf3 Nc6 3.Bb5 a6 4.Ba4 Nf6 5.O-O Be7 6.Re1 b5 7.Bb3 d6 8.c3 O-O 
9.h3 Re8 10.d4 h6 11.Nbd2 Bf8 12.Bc2 g6 13.Nf1 1/2-1/2

[Event "zonal 1.6"]
[Site "Samara RUS"]
[Date "2000.06.21"]
[Round "5"]
[White "Totsky, Leonid"]
[Black "Kharlov, Andrei"]
[Result "0-1"]
[WhiteElo "2524"]
[BlackElo "2616"]
[EventDate "2000.06.03"]
[PlyCount "92"]

1.e4 c5 2.Nf3 Nc6 3.Bb5 d6 4.O-O Bd7 5.Re1 a6 6.Bxc6 Bxc6 7.d4 cxd4 8.Nxd4
Rc8 9.c4 Bd7 10.Qd3 e6 11.b3 Nf6 12.Nc3 Be7 13.a4 O-O 14.Ba3 Re8 15.Red1 
Qc7 16.Nde2 Bc6 17.Bxd6 Bxd6 18.Qxd6 Nxe4 19.Nxe4 Bxe4 20.Qxc7 Rxc7 21.Rd2
Kf8 22.f3 Bc6 23.Kf2 Rd7 24.Ke3 Rxd2 25.Kxd2 Rd8+ 26.Kc3 a5 27.Nd4 Bd7 28.
Re1 Ra8 29.Re2 g6 30.Nb5 g5 31.b4 axb4+ 32.Kxb4 Ke7 33.a5 Rg8 34.Nd4 Ra8 
35.c5 Kf6 36.Rd2 h5 37.Ra2 e5 38.c6 bxc6 39.Nc2 c5+ 40.Kc3 Be6 41.Ra3 Ke7 
42.a6 Ra7 43.Ra5 f6 44.Rxc5 Rxa6 45.Rc7+ Kd6 46.Rh7 Rc6+ 0-1

[Event "zonal 1.6"]
[Site "Samara RUS"]
[Date "2000.06.21"]
[Round "5"]
[White "Galliamova-Ivanchuk, Alisa"]
[Black "Tregubov, Pavel"]
[Result "1/2-1/2"]
[WhiteElo "2515"]
[BlackElo "2615"]
[EventDate "2000.06.03"]
[PlyCount "50"]

1.e4 c5 2.Nf3 d6 3.d4 cxd4 4.Nxd4 Nf6 5.Nc3 g6 6.Be3 Bg7 7.f3 O-O 8.Qd2 
Nc6 9.O-O-O d5 10.exd5 Nxd5 11.Nxc6 bxc6 12.Bd4 Bxd4 13.Qxd4 Qc7 14.Bc4 
Nb6 15.Ne4 Bf5 16.Ng3 Rad8 17.Qh4 Qe5 18.Rxd8 Rxd8 19.Nxf5 Qxf5 20.Qxe7 
Rd7 21.Qe8+ Kg7 22.Bd3 Qg5+ 23.f4 Qxf4+ 24.Kb1 Qf6 25.Re1 c5 1/2-1/2

[Event "zonal 1.6"]
[Site "Samara RUS"]
[Date "2000.06.21"]
[Round "5"]
[White "Iliushin, Alexei"]
[Black "Kobalia, Mikhail"]
[Result "1-0"]
[WhiteElo "2515"]
[BlackElo "2593"]
[EventDate "2000.06.03"]
[PlyCount "71"]

1.d4 d5 2.c4 c6 3.Nf3 Nf6 4.Qc2 dxc4 5.Qxc4 Bf5 6.g3 e6 7.Bg2 Nbd7 8.O-O 
Be7 9.Nc3 O-O 10.e3 Ne4 11.Ne1 Nxc3 12.bxc3 e5 13.Nf3 e4 14.Nd2 Be6 15.Qe2
f5 16.a4 c5 17.f3 exf3 18.Bxf3 Rb8 19.d5 Bf7 20.c4 Bf6 21.Ra3 Ne5 22.Bg2 
Bg6 23.e4 fxe4 24.Nxe4 Bxe4 25.Bxe4 Qb6 26.Bf4 Qb4 27.Bxe5 Bxe5 28.Raf3 g6
29.d6 Qb2 30.Bd5+ Kg7 31.Rf7+ Rxf7 32.Rxf7+ Kh8 33.Qxb2 Bxb2 34.Bxb7 Bg7 
35.d7 Rd8 36.Kg2 1-0

[Event "zonal 1.6"]
[Site "Samara RUS"]
[Date "2000.06.21"]
[Round "5"]
[White "Naer, Evgeny"]
[Black "Sapunov, Evgeny"]
[Result "1/2-1/2"]
[WhiteElo "2572"]
[BlackElo "2498"]
[EventDate "2000.06.03"]
[PlyCount "54"]

1.e4 c5 2.Nc3 Nc6 3.Bb5 g6 4.Bxc6 dxc6 5.d3 Bg7 6.Be3 b6 7.Qd2 e5 8.Nge2 
h6 9.a4 a5 10.f4 Nf6 11.O-O exf4 12.Bxf4 Ng4 13.Kh1 Be6 14.h3 Ne5 15.Rf2 
Qe7 16.Qe3 O-O-O 17.Qg3 Bd7 18.Raf1 g5 19.Bc1 Be6 20.Nd1 Ng6 21.Ne3 Be5 
22.Qf3 Nh4 23.Qh5 f6 24.g3 Bf7 25.Qg4+ Be6 26.Qh5 Bf7 27.Qg4+ Be6 1/2-1/2

[Event "zonal 1.6"]
[Site "Samara RUS"]
[Date "2000.06.21"]
[Round "5"]
[White "Shariazdanov, Andrei"]
[Black "Khliyan, Eduard"]
[Result "1-0"]
[WhiteElo "2612"]
[BlackElo "2454"]
[EventDate "2000.06.03"]
[PlyCount "45"]

1.d4 Nf6 2.c4 e6 3.Nc3 Bb4 4.Qc2 c5 5.dxc5 Bxc5 6.Nf3 b6 7.Bg5 Be7 8.e4 
O-O 9.e5 Ne8 10.Bxe7 Qxe7 11.Bd3 f5 12.exf6 gxf6 13.Be4 Nc6 14.O-O-O Rf7 
15.Nd4 Nxd4 16.Rxd4 Rb8 17.Rhd1 a6 18.Qd3 e5 19.Bd5 Kf8 20.Bxf7 exd4 21.
Qg3 Qxf7 22.Qxb8 Qxc4 23.Qf4 1-0

[Event "zonal 1.6"]
[Site "Samara RUS"]
[Date "2000.06.21"]
[Round "5"]
[White "Kosyrev, Vladimir"]
[Black "Ulybin, Mikhail"]
[Result "1/2-1/2"]
[WhiteElo "2474"]
[BlackElo "2580"]
[EventDate "2000.06.03"]
[PlyCount "81"]

1.d4 e6 2.c4 f5 3.Nf3 Nf6 4.Nc3 Bb4 5.Qb3 Qe7 6.Bg5 b6 7.e3 Bb7 8.Bxf6 
Bxc3+ 9.Qxc3 Qxf6 10.Be2 d6 11.O-O Nd7 12.Rac1 O-O 13.Rfd1 a5 14.Ne1 g5 
15.Bf3 Bxf3 16.Nxf3 g4 17.Ne1 Qh4 18.Nd3 Rf6 19.c5 bxc5 20.dxc5 Rh6 21.
cxd6 cxd6 22.Qc6 Qxh2+ 23.Kf1 Rd8 24.Ke2 Ne5 25.Qc7 Nf7 26.Nf4 e5 27.Rh1 
Qxh1 28.Rxh1 Rxh1 29.Nd5 f4 30.Qe7 Rb8 31.b3 Ra1 32.Nf6+ Kg7 33.Nh5+ Kg6 
34.Qf6+ Kxh5 35.Qxf7+ Kh6 36.exf4 Rxa2+ 37.Kd3 exf4 38.Qf6+ Kh5 39.Qf5+ 
Kh6 40.Qf6+ Kh5 41.Qf5+ 1/2-1/2

[Event "zonal 1.6"]
[Site "Samara RUS"]
[Date "2000.06.21"]
[Round "5"]
[White "Ibragimov, Ildar"]
[Black "Yakovenko, Dmitry"]
[Result "1/2-1/2"]
[WhiteElo "2611"]
[BlackElo "2443"]
[EventDate "2000.06.03"]
[PlyCount "108"]

1.c4 Nf6 2.Nf3 e6 3.Nc3 b6 4.g3 Bb7 5.Bg2 c5 6.O-O Nc6 7.b3 Be7 8.Bb2 O-O 
9.d4 Nxd4 10.Nxd4 Bxg2 11.Kxg2 cxd4 12.Qxd4 Qc8 13.e4 Qc6 14.f3 Ne8 15.
Rad1 Rd8 16.Rd2 f5 17.exf5 Rxf5 18.Qe4 Qxe4 19.Nxe4 d5 20.cxd5 Rfxd5 21.
Re2 Kf7 22.f4 h6 23.Rfe1 Bb4 24.Bc3 Bxc3 25.Nxc3 Rd2 26.Ne4 Rxe2+ 27.Rxe2 
Nf6 28.Nd2 Rd5 29.Nf3 Nd7 30.Rc2 a5 31.Rc7 Kf6 32.h4 b5 33.Ra7 b4 34.Kf2 
e5 35.Ke3 Kf5 36.h5 exf4+ 37.gxf4 Nf6 38.Nd4+ Kg4 39.Rxg7+ Kxh5 40.Rg1 
Ng4+ 41.Ke4 Nf6+ 42.Kd3 Rd7 43.Kc4 Ng4 44.Nc6 Ne3+ 45.Kb5 Rd1 46.Rxd1 Nxd1
47.Ne5 Nc3+ 48.Kxa5 Nxa2 49.Kb5 Nc3+ 50.Kxb4 Nd5+ 51.Kc5 Nxf4 52.b4 Ne6+ 
53.Kd5 Nc7+ 54.Kc6 Ne6 1/2-1/2

[Event "zonal 1.6"]
[Site "Samara RUS"]
[Date "2000.06.21"]
[Round "5"]
[White "Sveshnikov, Evgeny"]
[Black "Loginov, Valery"]
[Result "1/2-1/2"]
[WhiteElo "2541"]
[BlackElo "2512"]
[EventDate "2000.06.03"]
[PlyCount "31"]

1.e4 c5 2.c3 d5 3.exd5 Qxd5 4.d4 Nf6 5.Nf3 Bg4 6.dxc5 Qxd1+ 7.Kxd1 e5 8.
Be3 Nc6 9.Kc2 Bf5+ 10.Kc1 Nd5 11.b4 a5 12.Bb5 Bxb1 13.Nxe5 Nxc3 14.Bxc6+ 
bxc6 15.Bd2 axb4 16.Bxc3 1/2-1/2